Cyclisme : Vainqueurs de Paris-Nice - Statistiques

Statistiques générales
  • Ce quiz a été pris 28 fois
    5 depuis la dernière actualisation
  • Le résultat moyen est 32 sur 84
Statistiques - réponses
Année Vainqueur % Correct
1993 Alex Zülle
100%
1997 Laurent Jalabert
100%
1996 Laurent Jalabert
100%
1995 Laurent Jalabert
100%
1990 Miguel Indurain
100%
1989 Miguel Indurain
100%
2010 Alberto Contador
80%
2007 Alberto Contador
80%
1971 Eddy Merckx
80%
1970 Eddy Merckx
80%
1969 Eddy Merckx
80%
1966 Jacques Anquetil
80%
1965 Jacques Anquetil
80%
1963 Jacques Anquetil
80%
1961 Jacques Anquetil
80%
1957 Jacques Anquetil
80%
1973 Raymond Poulidor
80%
1972 Raymond Poulidor
80%
2023 Tadej Pogačar
80%
1994 Tony Rominger
80%
1991 Tony Rominger
80%
2012 Bradley Wiggins
60%
2016 Geraint Thomas
60%
2025 Matteo Jorgenson
60%
2024 Matteo Jorgenson
60%
2015 Richie Porte
60%
2013 Richie Porte
60%
1988 Sean Kelly
60%
1987 Sean Kelly
60%
1986 Sean Kelly
60%
1985 Sean Kelly
60%
1984 Sean Kelly
60%
1983 Sean Kelly
60%
1982 Sean Kelly
60%
1981 Stephen Roche
60%
2003 Alexandre Vinokourov
40%
2002 Alexandre Vinokourov
40%
1955 Jean Bobet
40%
2026 Jonas Vingegaard
40%
1952 Louison Bobet
40%
2021 Maximilian Schachmann
40%
2020 Maximilian Schachmann
40%
2017 Sergio Henao
40%
2014 Carlos Betancur
20%
2019 Egan Bernal
20%
2006 Floyd Landis
20%
1980 Gilbert Duclos-Lassalle
20%
1992 Jean-François Bernard
20%
1979 Joop Zoetemelk
20%
1975 Joop Zoetemelk
20%
1974 Joop Zoetemelk
20%
2018 Marc Soler
20%
1976 Michel Laurent
20%
2022 Primož Roglič
20%
1967 Tom Simpson
20%
2011 Tony Martin
20%
1933 Alfons Schepers
0%
1958 Alfred De Bruyne
0%
1956 Alfred De Bruyne
0%
2000 Andreas Klöden
0%
2005 Bobby Julich
0%
2001 Dario Frigo
0%
2008 Davide Rebellin
0%
1946 Fermo Camellini
0%
1998 Frank Vandenbroucke
0%
1977 Freddy Maertens
0%
1934 Gaston Rebry
0%
1978 Gerrie Knetemann
0%
1964 Jan Janssen
0%
1959 Jean Graczyk
0%
1953 Jean-Pierre Munch
0%
2004 Jörg Jaksche
0%
1962 Joseph Planckaert
0%
1938 Jules Lowie
0%
2009 Luis León Sánchez
0%
1939 Maurice Archambaud
0%
1936 Maurice Archambaud
0%
1999 Michael Boogerd
0%
1960 Raymond Impanis
0%
1954 Raymond Impanis
0%
1935 René Vietto
0%
1951 Roger Decock
0%
1937 Roger Lapébie
0%
1968 Rolf Wolfshohl
0%
Aucun quiz correspondant
Distribution des résultats
% des personnes avec chaque résultat
Percentile par nombre de réponses
Votre historique - résultats
Vous n’avez pas pris ce quiz depuis la dernière actualisation